Central Library OPAC University of Rajshahi

Punjabi century, 1857-1947 / (Record no. 27783)

MARC details
000 -LEADER
fixed length control field 00774nam a22002531a 4500
001 - CONTROL NUMBER
control field 27783
003 - CONTROL NUMBER IDENTIFIER
rucl marc code BD-RjUL
005 - DATE AND TIME OF LATEST TRANSACTION
control field 20211209051212.0
008 - FIXED-LENGTH DATA ELEMENTS--GENERAL INFORMATION
fixed length control field 140327s1968 caub 000 0 eng
035 ## - SYSTEM CONTROL NUMBER
System control number (BD-RjUL)27862
040 ## - CATALOGING SOURCE
Original cataloging agency LC
Language of cataloging eng
Transcribing agency LC
Modifying agency TOC
-- BD-RjUL
041 ## - LANGUAGE CODE
Language code of text/sound track or separate title eng
082 00 - DEWEY DECIMAL CLASSIFICATION NUMBER
Classification number 309.1545
Author mark and year TAP 1968
100 1# - MAIN ENTRY--PERSONAL NAME
Personal name Tandon, Prakash.
9 (RLIN) 85293
245 10 - TITLE STATEMENT
Title Punjabi century, 1857-1947 /
Statement of responsibility, etc. Prakash Tandon ;With a foreword by Maurice Zinkin.
260 ## - PUBLICATION, DISTRIBUTION, ETC. (IMPRINT)
Place of publication, distribution, etc. Berkeley :
Name of publisher, distributor, etc. University of California Press,
Date of publication, distribution, etc. 1968.
300 ## - PHYSICAL DESCRIPTION
Pagination 274 p. :
Illustrations map.
Size 20 cm.
500 ## - GENERAL NOTE
General note Sequel: Beyond Punjab, 1937-1960.
651 #0 - SUBJECT ADDED ENTRY--GEOGRAPHIC NAME
Geographic name Punjab (India)
General subdivision Social life and customs.
9 (RLIN) 85294
942 ## - ADDED ENTRY ELEMENTS (KOHA)
Source of classification or shelving scheme Dewey Decimal Classification
Koha item type Books
Holdings
Lost status Source of classification or shelving scheme Damaged status Not for loan Collection code Permanent Location Current Location Shelving location Date acquired Source of acquisition Total Checkouts Full call number Date last seen Copy number Koha item type
  Dewey Decimal Classification     Non-fiction Central Library, University of Rajshahi Central Library, University of Rajshahi   11/07/1974 India Govt., Gift.   309.1545 TAP 1968 27/03/2014 C-2 Books